LEADER 01941nam 2200421Ia 450 001 996396769803316 005 20221108044900.0 035 $a(CKB)4330000000331231 035 $a(EEBO)2240865063 035 $a(UnM)9929104100971 035 $a(UnM)99899632 035 $a(EXLCZ)994330000000331231 100 $a19981030d1697 uy | 101 0 $aeng 135 $aurbn||||a|bb| 200 12$aA treatise of the causes of incredulity$b[electronic resource] $eWherein are examin'd the general motives and occasions which dispose unbelievers to reject the Christian religion. With two letters, containing a direct proof of the truth of Christianity. Translated from the French of Monsieur Le Clerc 210 $aLondon $cprinted for A. and J. Churchill, and sold by Edward Castle next Scotland-yard by Whitehall$dMDCXCVII. [1697] 215 $aviii, 327, [1] p 300 $aA translation of: Le Clerc, Jean. De l'incre?dulite?, ou? l'on examine les motifs et les raisons ge?ne?rales qui portent les incre?dules a? rejetter la religion chre?tienne, avec deux lettres ou? l'on en prouve directement la ve?rite?. 300 $aIncludes table of contents. 300 $aA reissue, with cancel title page, of the edition without imprint name "Edward Castle". 300 $aCopy filmed at UMI microfilm Early English Books 1641-1700 reel 2407 lacks pages vii and viii. 300 $aReproduction of original in the Folger Shakespeare Library. 330 $aeebo-0055 606 $aFaith$vEarly works to 1800 606 $aTruth$vEarly works to 1800 606 $aChristianity$vEarly works to 1800 615 0$aFaith 615 0$aTruth 615 0$aChristianity 700 $aLe Clerc$b Jean$f1657-1736.$0291787 801 0$bCu-RivES 801 1$bCu-RivES 801 2$bWaOLN 906 $aBOOK 912 $a996396769803316 996 $aA treatise of the causes of incredulity$92299961 997 $aUNISA